| 000 | 00352nam a2200109Ia 4500 | ||
|---|---|---|---|
| 008 | 171204s9999 xx 000 0 und d | ||
| 245 | _aPractical Strategies for Technical Communication: | ||
| 245 | _cMike Markel | ||
| 260 | _c2013 | ||
| 650 | _xG-ENG05 Technical Writing Focused on Discipline | ||
| 856 | _uhttp://down.ebook777.com/042/9781457609404.pdf | ||
| 999 |
_c345498 _d345498 |
||